000 00592nam a2200205Ia 4500
003 OSt
005 20230522111226.0
008 210423s2005 xx 000 0 und d
040 _cAL
041 _akan
082 _a330.092K
_223
_bHEGS
100 _aHEGGADE (Odeyar D);SHIVACHANDRA (J)
_9110087
245 _aSamajamukhi Siddaramaiah
_cHEGGADE(Odeyar D);SHIVACHANDRA(J)
260 _aMysore
_bCENTRE FOR HUMAN DEVELOPMENT STUDIES
_c2005
300 _a116
_bPB
650 _aBiography
_9110088
650 _aEconomics
_9110089
906 _aSamajamukhi ; siddaramaiah
942 _2ddc
_cBK
999 _c166924
_d166924